书目信息 |
| 题名: |
无机非金属材料综合实验
|
|
| 作者: | 孟永德 主编 | |
| 分册: | ||
| 出版信息: | 广州 暨南大学出版社 2018.12 |
|
| 页数: | 88页 | |
| 开本: | 23cm | |
| 丛书名: | ||
| 单 册: | ||
| 中图分类: | TB321.02 | |
| 科图分类: | ||
| 主题词: | 无机非金属材料--wu ji fei jin shu cai liao--实验 | |
| 电子资源: | ||
| ISBN: | 978-7-5668-2543-8 | |
| 000 | 00948nam0 2200241 450 | |
| 001 | 202019133677 | |
| 005 | 20190921113345.0 | |
| 010 | @a978-7-5668-2543-8@dCNY29.00 | |
| 100 | @a20190919d2018 em y0chiy50 ea | |
| 101 | 0 | @achi |
| 102 | @aCN@b440000 | |
| 105 | @ay z 000yy | |
| 106 | @ar | |
| 200 | 1 | @a无机非金属材料综合实验@Awu ji fei jin shu cai liao zong he shi yan@f孟永德主编 |
| 210 | @a广州@c暨南大学出版社@d2018.12 | |
| 215 | @a88页@d23cm | |
| 300 | @a韩山师范学院经费支持 | |
| 330 | @a本书是面向无机非金属材料专业高年级学生编撰的一本实验教材。书稿共包括25个实验, 不仅包含静电纺丝机等新仪器的使用方法、水热制备法等目前实验中的新方法, 还包含先进的陶瓷材料的制备、陶瓷釉料的初步配方等具有地方特色的实验, 具有新颖性和地方特色。 | |
| 606 | 0 | @a无机非金属材料@Awu ji fei jin shu cai liao@x实验 |
| 690 | @aTB321.02@v5 | |
| 701 | 0 | @a孟永德@Ameng yong de@4主编 |
| 801 | 0 | @aCN@c20190905 |
| 905 | @a河南城建学院图书馆@dTB321.02@eM625 | |
| 无机非金属材料综合实验/孟永德主编.-广州:暨南大学出版社,2018.12 |
| 88页;23cm |
| 韩山师范学院经费支持 |
| ISBN 978-7-5668-2543-8:CNY29.00 |
| 本书是面向无机非金属材料专业高年级学生编撰的一本实验教材。书稿共包括25个实验, 不仅包含静电纺丝机等新仪器的使用方法、水热制备法等目前实验中的新方法, 还包含先进的陶瓷材料的制备、陶瓷釉料的初步配方等具有地方特色的实验, 具有新颖性和地方特色。 |
| ● |
| 相关链接 |
|
|
|
正题名:无机非金属材料综合实验
索取号:TB321.02/M625
 
预约/预借
| 序号 | 登录号 | 条形码 | 馆藏地/架位号 | 状态 | 备注 |
| 1 | 1441070 | 214410706 | 自科库501/501自科库 13排1列1层/ [索取号:TB321.02/M625] | 在馆 | |
| 2 | 1441071 | 214410715 | 自科库501/501自科库 13排1列1层/ [索取号:TB321.02/M625] | 在馆 | |
| 3 | 1441072 | 214410724 | 自科库501/501自科库 13排1列1层/ [索取号:TB321.02/M625] | 在馆 | |
| 4 | 1441073 | 214410733 | 自科库501/501自科库 13排1列1层/ [索取号:TB321.02/M625] | 在馆 |